Statistics for U.S. States that contain the letter D

Click here to take the quiz!

General Stats

  • This quiz has been taken 92 times
  • The average score is 9 of 10

Answer Stats

# of D'sAnswer% Correct
1Delaware
97%
1Florida
92%
1South Dakota
90%
1Idaho
89%
1Indiana
89%
1North Dakota
89%
2Rhode Island
86%
1Colorado
78%
1Maryland
75%
1Nevada
74%

Score Distribution

Percentile by Number Answered

Percent of People with Each Score

Your Score History

You have not taken this quiz